Economía y cristianismo

Guardado en:
Bibliografiske detaljer
Institution som forfatter: INCEP
Format: Texto
Udgivet: Guatemala: INCEP
Tags: Tilføj Tag
Ingen Tags, Vær først til at tagge denne postø!

MARC

LEADER 00000 a a2200000 04500
001 23272
003
040
090 |a 161000  
110 |a INCEP  
245 |a Economía y cristianismo  
260 |a Guatemala:   |b INCEP  
300 |a 224 p.  
999 |c 4858  |d 4858